| 000 | 01418nam a22001577a 4500 | ||
|---|---|---|---|
| 003 | SGT | ||
| 020 | _a9788121918572 | ||
| 082 | _a546,MAD | ||
| 100 | _aMADAN R.L. | ||
| 245 | _aINORGANIC CHEMISTRY | ||
| 260 |
_aNEW DELHI _bS.CHAND _c2014 |
||
| 300 | _a887 | ||
| 650 | _aINORGANIC CHEMISTRY | ||
| 653 | _aATOMIC STRUCTURE, IONIC BOND, COVALENT BOND-I, COVALENT BOND-II, PERIODIC CLASSIFICATION OF ELEMENTS, ACIDS AND BASES, METALLURGIES, GENERAL CHARACTERISTICS OF S-AND P-BLOCK ELEMENTS AND THEIR COMPOUNDS, NUCLEAR CHEMISTRY, COMPOUNDS OF BORON AND SILICON, OXIDES AND OXY-ACIDS OF NITROGEN AND PHOSPHORUS, OXIDES AND OXY-ACIDS OF SULPHUR, OXIDES AND OXY-ACIDS OF CHLORINE, SOME MORE COMPOUNDS OF NITROGEN, PHOSPHORUS AND HALOGENS, ORGANOMETALLIC COMPOUNDS, SOME MORE ORGANOMETALLIC COMPOUNDS AND Π-ACID COMPLEXES, THE D-BLOCK ELEMENTS (TRANSITION METALS), SOME IMPORTANT COMPOUNDS OF TRANSITION ELEMENTS, THE F-BLOCK ELEMENTS (LANTHANIDES AND ACTINIDES), NOBLE GASES, COORDINATION COMPOUNDS, SPECTRAL PROPERTIES OF COMPOUNDS, OXIDATION AND REDUCTION (INCLUDING LATIMER FROST DIAGRAMS), CHEMICAL INDUSTRIES, ENVIRONMENTAL CHEMISTRY, NON-AQUEOUS SOLVENTS, QUALITATIVE INORGANIC ANALYSIS, QUANTITATIVE ANALYSIS, INORGANIC POLYMERS, ROLE OF ORGANIC AND INORGANIC REAGENTS IN INORGANIC ANALYSIS, BIOINORGANIC CHEMISTRY, EVALUATION OF ANALYTICAL DATA, VOLUMETRIC ANALYSIS, GRAVIMETRIC ANALYSIS | ||
| 942 |
_2ddc _cFPS |
||
| 999 |
_c9456 _d9456 |
||